| 000 | 01104nam0a22003371i 4500 | ||
|---|---|---|---|
| 001 | RU\NLR\BIBL_A\011305855 | ||
| 005 | 20260408235803.0 | ||
| 010 | _a9785852478795 | ||
| 021 |
_aRU _b2016-96446 _96397 |
||
| 035 | _a(NLR Aleph) 011305855 | ||
| 090 |
_a10995714 _c10995714 |
||
| 100 | _a20170109d2016 u y0rusy50 ca | ||
| 101 | 0 |
_arus _aara |
|
| 102 | _aRU | ||
| 105 | _aa z 000zy | ||
| 200 | 1 |
_aКоранические ду'а _fЗиярова Р.Н. |
|
| 210 |
_aНабережные Челны _cАль-Калям _d2016 |
||
| 215 |
_a184 с. _cцв. ил. _d30 |
||
| 333 | _a12+ | ||
| 500 |
_aКоран _iСура Аль-Фатиха _3RU\NLR\AUTH\5510301 _92632301 |
||
| 606 | 1 |
_aБогословие мусульманское _91077808 _3RU\NLR\AUTH\66102067 |
|
| 686 | 2 | _aЭ38-4 | |
| 700 | 1 |
_aЗиярова _bР. Н. _gРавия Нургалиевна |
|
| 852 |
_aNLR _bОЛСАА-сл-спр _j5-554 |
||
| 942 | _cBOOK | ||
| 980 | _aNBR | ||
| 980 | 1 | _aSL_SPR | |